000 00401nam a22001697a 4500
005 20160618115131.0
008 160618b xxu||||| |||| 00| 0 eng d
020 _a978-87-7989-757-1
041 _aeng
082 _b8105
100 _aHUBBARD, L. Ron
_92194
245 _aScientology a New Slaut on life
260 _bScientology
_c2004
300 _a298
650 _aManagement
_9241
942 _cBK
999 _c3072
_d3071